000
00292nam a22001337a 4500
008
171023b xxu||||| |||| 00| 0 eng d
020
_a
9780131367739
041
_a
eng
080
_a
338
100
_a
54
101
_a
MO
245
_a
USING ECONOMETRICS
_c
STUDENMUND, A.H
942
_2
udc
_c
BK
999
_c
35538
_d
35538